| 000 | 00838nas a2200289 4500 | ||
|---|---|---|---|
| 001 | BR0809299 | ||
| 003 | BR-BrBNA | ||
| 005 | 20231205112524.0 | ||
| 007 | ta | ||
| 008 | 230509b bl.|||p| |||| 00| 00por d | ||
| 040 |
_aBR-BrBNA _bpor _cBiblioteca Nacional de Agricultura |
||
| 041 | _a(En) | ||
| 072 | _aQ04 | ||
| 100 | 1 | _aGama, J.J.T. | |
| 100 | 1 | _aTadiotti, A.C. | |
| 100 | 1 | _aSylos, C.M. de | |
| 245 | 1 | _aComparison of carotenoid content in tomato, tomato pulp and ketchup by liquid chromatography | |
| 650 | _aTOMATE | ||
| 650 | _aPOLPA | ||
| 650 | _aMASSA | ||
| 650 | _aCAROTENO | ||
| 650 | _aVITAMINA A | ||
| 650 | _aCROMATOGRAFIA | ||
| 773 | 0 |
_tAlimentos e Nutrição (Brazil) _xISSN 0103-4235 _g(Oct-Dec 2006), v. 17(4) p. 353-358 _wBR0809299 |
|
| 909 |
_a202311 _bLúcia _c55 _dLúcia Elande |
||
| 942 |
_2AGRIS _n0 _cANA |
||
| 999 |
_c198489 _d198489 |
||